000 00309nam a22001337a 4500
008 171030b xxu||||| |||| 00| 0 eng d
020 _a9781577180449
041 _aeng
080 _23rd
_a336
100 _a56
101 _aFIN
245 _aTHE REVOLUTION IN CORPORATE FINANCE
_cSTERN,J.M
942 _2udc
_cBK
999 _c36403
_d36403